000 00569nam a2200181Ia 4500
008 151018s9999 xx 000 0 und d
082 _bRBASDV47365
_a891.464
100 _aशरद पवार
245 _aस्पर्धा काळाशी
250 _b1
260 _bरोहन प्रकाशन पुणे
_c2008
300 _a268
600 _aशरद पवार
630 _aस्पर्धा काळाशी
700 _aशरद पवार
730 _aस्पर्धा काळाशी
942 _cBOOK
999 _c1046501
_d1046498